000 00515nam a2200181Ia 4500
003 GCL
008 140319s9999 xx 000 0 ara d
040 _aGCL /
_cGCL
082 0 4 _aق
_b962.م ص
100 1 _aمحمد عبدالبارى
245 1 0 _aصفحة من مبادىء الاستعمار فى وادى النيل /
_cمحمد عبدالبارى
300 _a92 ص
490 _a100 قصة
_v0
650 0 4 _aالعصر الحديث
650 0 4 _aمصر
650 0 4 _aالتاريخ
942 _2ddc
_cBK
999 _c43957
_d43957